Water encyclopedia : Ground water

The single greatest reservoir of usable water for man lies underground. Its location, management, protection and remediation have been a central focus of hydrology for much of the past century. Experts throughout the world have covered this subject, in unimagined detail. Ground water remains unseen...

Cijeli opis

Spremljeno u:
Bibliografski detalji
Format: Knjiga
Jezik:Undetermined
Izdano: Hoboken, N.J. John Wiley & Sons 2005
Teme:
Oznake: Dodaj oznaku
Bez oznaka, Budi prvi tko označuje ovaj zapis!
Thư viện lưu trữ: Trung tâm Học liệu Trường Đại học Cần Thơ
LEADER 01030nam a2200217Ia 4500
001 CTU_100447
008 210402s9999 xx 000 0 und d
020 |c 4719800 
082 |a 627.03 
082 |b W329 
245 0 |a Water encyclopedia : 
245 0 |b Ground water 
245 0 |c Jay H. Lehr, Jack Keeley, Jack Lehr [ et ... al.] 
260 |a Hoboken, N.J. 
260 |b John Wiley & Sons 
260 |c 2005 
520 |a The single greatest reservoir of usable water for man lies underground. Its location, management, protection and remediation have been a central focus of hydrology for much of the past century. Experts throughout the world have covered this subject, in unimagined detail. Ground water remains unseen but no longer unknown, and now amazingly well defined in every aspect of quality and quantity, development, protection and remediation. 
650 |a Water,Water quality,Water resources development 
650 |x Supply 
904 |i Minh 
980 |a Trung tâm Học liệu Trường Đại học Cần Thơ